|
|
|
|
| LEADER |
00000cjm a2200000 i 4500 |
| 001 |
1/55683 |
| 007 |
sd fs gn m ed |
| 008 |
040524s2000 gr gre d |
| 028 |
0 |
1 |
|a PASI-CD-1,2
|
| 035 |
|
|
|l 10073471
|
| 040 |
|
|
|a GR-MY-UA
|b gre
|e aacr
|
| 041 |
0 |
|
|a gre
|
| 082 |
0 |
|
|a 782.42166
|2 (21η εκδ.)
|
| 100 |
1 |
|
|a Σιδηρόπουλος, Παύλος
|d 1948-1990.
|4 prf
|
| 245 |
1 |
0 |
|a Εν αρχή ην ο λόγος
|h [ηχογράφηση] /
|c Παύλος Σιδηρόπουλος
|
| 260 |
|
|
|a [Aθήνα;] :
|b Δίφωνο,
|c 2000
|
| 300 |
|
|
|a 2 δίσκοι κόμπακτ 1.(28 λεπτ., 49σευτ.) 2. (59 λεπτ., 72 δευτ.);
|b ψηφιακόι, στέρεο;
|c 4 3/4 ιν.
|
| 500 |
|
|
|a Συνοδευτικά CD του περιοδικού Δίφωνο, τεύχους 63
|
| 505 |
0 |
|
|a Α. 1. Συζήτηση εν λευκώ με τον Παύλο Σιδηρόπουλο--2. Συνέντευξη στην ΕΤ 2 Β. 1. Το τραγούδι του Πάυλου/Παύλος Σιδηρόπουλος--2. Ένα αναμνηστικό τραγουδάκι--3. Brown Sugar/Mick Jagger-Keith Richard--4. Street Fighting Man/Mick Jagger-Keith Richard--5. Το βιβλίο των ηρώων/Παύλος Σιδηρόπουλος--6. Welcome to the Show/Παύλος Σιδηρόπουλος--7. Άντε... και καλή τλυχη μάγκες!/Παύλος Σιδηρόπουλος-Αλέκος Αράπης--9. Η ώρα του stuff/Παύλος Σιδηρόπουλος--10. Υποκριθείτε/Πάυλος Σιδηρόπουλος--11. Της εθνικής συμφιλίωσης/Παύλος Σιδηρόπουλος--12. Αποκάλυψη/Πάυλος Σιδηρόπουλος--13. Πες μου κάτι/Παύλος Σιδηρόπουλος--14. Χωρίς αιτία./Παύλος Σιδηρόπουλος-Βασίλης Πετρίδης--15. R 'n' R στο κρεβάτι/Παύλος Σιδηρόπουλος
|
| 508 |
|
|
|a Παραγωγή Πάνος Ηλιόπουλος-Μελίνα Σιδηροπούλου
|
| 650 |
0 |
0 |
|a Rock music
|z Greece.
|
| 852 |
|
|
|a INST
|b LESVOS
|c AV
|e 20040524
|h 782.42166 ΣΙΔ
|p 005100028219
|q 005100028219
|t CD
|y 23
|z disc.1
|
| 852 |
|
|
|a INST
|b LESVOS
|c AV
|e 20040524
|h 782.42166 ΣΙΔ
|p 005100028220
|q 005100028220
|t CD
|y 23
|z disc.2
|
| 852 |
|
|
|a INST
|b LESVOS
|c AV
|e 20040524
|h 782.42166 ΣΙΔ
|p 005100028219
|q 005100028219
|t CD
|v disc.1:
|y 23
|z disc.1
|
| 852 |
|
|
|a INST
|b LESVOS
|c AV
|e 20040524
|h 782.42166 ΣΙΔ
|p 005100028220
|q 005100028220
|t CD
|v disc.2:
|y 23
|z disc.2
|
| 853 |
|
|
|a INST
|b LESVOS
|c AV
|h 782.42166 ΣΙΔ
|
| 901 |
|
|
|a BIBL1-2004-2
|
| 909 |
|
|
|a Λ
|b 111943
|
| 909 |
|
|
|a Λ
|b 111944
|
| 970 |
|
|
|a ΜΑΡΙΝΑΤΟΥ
|b ΜΥΡΣΙΝΗ
|z 2004/05/24
|